Wege zum Philosophischen denken
Saved in:
| Main Author: | |
|---|---|
| Format: | Book |
| Language: | German |
| Published: |
[Basel] :
Herder,
[1962]
|
| Edition: | 4. Aufl. |
| Series: | Herderbucherei ;
; 62 |
| Subjects: | |
| Tags: |
Add Tag
No Tags, Be the first to tag this record!
|
MARC
| LEADER | 00000cam a2200000 i 4500 | ||
|---|---|---|---|
| 001 | 1/38757 | ||
| 008 | 061205s1962 ger d | ||
| 035 | |l 10086421 | ||
| 040 | |a GR-MY-UA |b gre |e aacr | ||
| 041 | 0 | |a ger | |
| 082 | 0 | |a 190 |2 (22) | |
| 100 | 1 | |a Bochenski, Joseph M., |d 1902-1995. | |
| 245 | 1 | 0 | |a Wege zum Philosophischen denken / |c J. M. Bochenski |
| 250 | |a 4. Aufl. | ||
| 260 | |a [Basel] : |b Herder, |c [1962] | ||
| 300 | |a 124 σ.; |c 18 εκ. | ||
| 490 | 1 | |a Herder-Bucherei |v ; 62 | |
| 500 | |a Με: Philosophie der Gegenwart / Ludwig Landgrebe. - Die Illusion: der weg der philosophie / Jeanne Hersch. - Existenzphilosophie und Padagogik: versuch uber unsteige Formen der Erziehung / Otto Friedrich Bollnow | ||
| 650 | 0 | 0 | |a Philosophy. |
| 830 | 0 | |a Herderbucherei ; |v ; 62 | |
| 852 | |a INST |b RHODES |c KRI |e 20061205 |h 190 BOC |p 005400024673 |q 005400024673 |t BK |y 0 | ||
| 901 | |a BIBL4-2006-3 | ||
| 909 | |a Ρ |b 126655 | ||
| 970 | |a ΚΟΖΑ |b ΜΑΡΙΑ |z 2006/12/05 | ||